000 01145nam a2200337 i 4500
999 _c65176
_d65176
001 768714001
003 CO-MdFUSB
005 20240618062720.0
008 190829t2006 mx cad|| |||| 00| 0 spa d
020 _a[No incluye ISBN]
040 _aCO-MdFUSB
_bspa
_cCO-MdFUSB
_dCO-MdFUSBC
_erda
041 _aspa
082 _223
_a266.0092
_bL864a
100 _aLópez Valles, Concepción.
_eautor
245 1 3 _aUn arquitecto de Dios :
_bpresbítero Agustín Pelayo Brambila.
_c/ Concepción López Valles ; Humberto Payán Franco
250 _aSegunda edición.
264 1 _aChihuaha, México :
_bEdiciones del Azar A.C,
_c[2006]
264 4 _c© 2006
300 _a323 páginas
_c; 23 cm
336 _2rdacontent
_atexto
_btxt
337 _2rdamedia
_asin mediación
_bn
338 _2rdacarrier
_avolumen
_bnc
505 _gParte 1:
_tLa vocación y el llamado de Dios.
_gParte 2
_tUn sacerdote constructor.
563 _aRústico
650 0 _91238
_aBiografías cristianas
650 0 _aMisiones
_9154
653 _aIglesia Católica -- Misiones.
700 _92339
_aPayán Franco, Humberto.
_eautor
942 _cBK
945 _aJTF-925